kraje świata po fladze cz.1 - Statystyki

Ogólne statystyki
  • Ten quiz został rozwiązany 70 razy
  • Średni wynik to 10 z 12
Statystyki odpowiedzi
Obrazkowy Odpowiedź % Poprawnych
Albania
98%
Argentyna
94%
Arabia Saudyjska
92%
Austria
92%
Algieria
87%
Australia
84%
Andora
81%
Angola
73%
Armenia
73%
Afganistan
69%
Azerbejdżan
69%
Antigua i Barbuda
58%
Nie znaleziono quizów pasujących do podanych kryteriów
Rozkład punktacji
Procent ludzi z każdym wynikiem
Percentyl według liczby udzielonych odpowiedzi
Twoja historia wyników
Nie rozwiązałeś tego quizu